| 000 | 00953cam a2200229 4500 | ||
|---|---|---|---|
| 001 | WB3914-10 | ||
| 008 | 030408n2003 000 0 eng u | ||
| 035 | _a(Sirsi) u121932 | ||
| 245 | _aNight noise restrictions consultation | ||
| 260 | _c2003 | ||
| 490 |
_aDfT News Release _v(045) 8 April 2003 (3) |
||
| 520 | _aCurrent night noise restrictions at Heathrow, Gatwick and Stansted airports are set to continue until 30 October 2005, as proposed in a consultation paper. The move follows a European Court of Human Rights case and "The future development of air transport in the UK" consultation. Consultation deadline is 11 July. Consultation paper available at www.aviation.dft.gov.uk/consult/nightrestrict/index.htm. | ||
| 590 | _aWB | ||
| 650 | _aAIRPORTS | ||
| 650 | _aNOISE | ||
| 650 | _aNIGHT FLIGHTS | ||
| 650 | _aHEATHROW | ||
| 650 | _aGATWICK | ||
| 650 | _aSTANSTED | ||
| 690 | _aENVIRONMENTAL AND LAND CONSULTANCY | ||
| 942 | _n0 | ||
| 999 |
_c72466 _d72466 |
||